[Event "Wch Seniors 65 26th"]
[Site "Marianske Lazne"]
[Date "2016.11.30"]
[Round "11"]
[White "Zilbert, Oleg"]
[Black "Pritchett, Craig William"]
[Result "0-1"]
[WhiteElo "2208"]
[BlackElo "2338"]
[PlyCount "174"]
[EventDate "2016.11.19"]
[EventType "swiss"]
[EventRounds "11"]
[EventCountry "CZE"]
[SourceTitle "CBM 175 Extra"]
[Source "ChessBase"]
[SourceDate "2016.12.12"]
[SourceVersion "1"]
[SourceVersionDate "2016.12.12"]
[SourceQuality "1"]

1. e4 c5 2. Nf3 e6 3. d3 Nc6 4. g3 d5 5. Nbd2 Bd6 6. Bg2 Nge7 7. 0-0 0-0 8. Re1 Bc7 9. c3 b6 10. a3 a5 11. e5 Ba6 12. Nf1 d4 13. c4 Rb8 14. h4 Ng6 15. Qe2 Ncxe5 16. Ng5 h6 17. Ne4 f5 18. Ned2 Re8 19. Nh2 Bb7 20. Bxb7 Rxb7 21. h5 Nf8 22. f4 Nf7 23. Qg2 Rb8 24. Ndf3 e5 25. fxe5 Bxe5 26. Qh3 Qf6 27. Rf1 Nh7 28. Nxe5 Nxe5 29. Rxf5 Qe6 30. g4 Rbc8 31. Bd2 Nf7 32. Re1 Nhg5 33. Qg2 Qd6 34. Ref1 Re7 35. Nf3 Ne6 36. Nh4 Nfg5 37. Rd5 Qc7 38. Ng6 Ree8 39. Rdf5 Rcd8 40. R1f2 Kh7 41. Re5 Kg8 42. Rfe2 Qf7 43. Rf2 Qc7 44. Qf1 Nf7 45. Ref5 Nd6 46. R5f3 b5 47. cxb5 c4 48. Qc1 Rc8 49. a4 Qb7 50. Qf1 c3 51. Bc1 Kh7 52. Re2 cxb2 53. Bxb2 Ng5 54. Rg3 Qd5 55. Qg2 Rxe2 56. Qxe2 Qb3 57. Rg2 Re8 58. Qf1 Qxa4 59. b6 Qc6 60. Re2 Rxe2 61. Qxe2 Qxb6 62. Ba3 Qc6 63. Kf2 Ndf7 64. Nf8+ Kg8 65. Ng6 Kh7 66. Nf8+ Kg8 67. Ng6 Qe6 68. Ne7+ Kh7 69. Ng6 Qxe2+ 70. Kxe2 Nd8 71. Kf2 Nc6 72. Kg3 Nb4 73. Ne5 Nc2 74. Bc1 a4 75. Nc4 Ne6 76. Kf3 Nc5 77. Ke2 Nb4 78. Ne5 Nb3 79. Bb2 Nd5 80. Kf3 Nc3 81. Nc4 Nc5 82. Ne5 Nb5 83. Nc6 Nb3 84. Ke4 a3 85. Bxa3 Nxa3 86. Ne7 Nc2 87. Kd5 Ne3+ 0-1

[Event "Wch Seniors 65 26th"]
[Site "Marianske Lazne"]
[Date "2016.11.28"]
[Round "9"]
[White "Karlik, Vladimir"]
[Black "Pritchett, Craig William"]
[Result "1/2-1/2"]
[WhiteElo "2217"]
[BlackElo "2338"]
[PlyCount "50"]
[EventDate "2016.11.19"]
[EventType "swiss"]
[EventRounds "11"]
[EventCountry "CZE"]
[SourceTitle "CBM 175 Extra"]
[Source "ChessBase"]
[SourceDate "2016.12.12"]
[SourceVersion "1"]
[SourceVersionDate "2016.12.12"]
[SourceQuality "1"]

1. d4 Nf6 2. Nf3 e6 3. Bf4 c5 4. e3 Nc6 5. c3 d5 6. Nbd2 Bd6 7. Bg3 0-0 8. Bd3 b6 9. Ne5 Bb7 10. 0-0 Qc7 11. f4 Ne7 12. Qf3 Nf5 13. Bf2 Be7 14. Ng4 Nxg4 15. Qxg4 Nd6 16. Bh4 f5 17. Qh3 a5 18. Bxe7 Qxe7 19. Nf3 a4 20. a3 Ba6 21. Bxa6 Rxa6 22. Ne5 Ne4 23. g4 b5 24. dxc5 Nxc5 25. g5 g6 1/2-1/2

[Event "Aalborg Larsen Memorial"]
[Site "Aalborg"]
[Date "2016.10.21"]
[Round "7"]
[White "Thuesen, Mogens Henrik"]
[Black "Pritchett, Craig William"]
[Result "0-1"]
[WhiteElo "2160"]
[BlackElo "2335"]
[PlyCount "72"]
[EventDate "2016.10.15"]
[EventType "swiss"]
[EventRounds "7"]
[EventCountry "DEN"]
[SourceTitle "CBM 175 Extra"]
[Source "ChessBase"]
[SourceDate "2016.12.12"]
[SourceVersion "1"]
[SourceVersionDate "2016.12.12"]
[SourceQuality "1"]

1. d4 Nf6 2. Bg5 e6 3. e4 h6 4. Bxf6 Qxf6 5. Nc3 Bb4 6. Qd3 d6 7. Nf3 0-0 8. a3 Ba5 9. e5 Qe7 10. b4 Bb6 11. Qe4 d5 12. Qe3 a5 13. b5 a4 14. Be2 c5 15. 0-0 Nd7 16. Bd3 cxd4 17. Nxd4 Nc5 18. Nce2 Bd7 19. c3 Nxd3 20. Qxd3 Rac8 21. Kh1 Rc4 22. f4 Rfc8 23. Rf3 Bxd4 24. Nxd4 Qc5 25. Ne2 Bxb5 26. Qd2 Bd7 27. Raf1 Qxa3 28. Rg3 Kh8 29. f5 exf5 30. Qxd5 Be6 31. Qxb7 Qc5 32. Nf4 Qxe5 33. Nh5 Qe2 34. Rgf3 Rxc3 35. Ng3 Rxf3 36. gxf3 Qc4 0-1

[Event "Aalborg Larsen Memorial"]
[Site "Aalborg"]
[Date "2016.10.19"]
[Round "5"]
[White "Van Voorthuijsen, Pieter W"]
[Black "Pritchett, Craig William"]
[Result "0-1"]
[WhiteElo "2196"]
[BlackElo "2335"]
[PlyCount "90"]
[EventDate "2016.10.15"]
[EventType "swiss"]
[EventRounds "7"]
[EventCountry "DEN"]
[SourceTitle "CBM 175 Extra"]
[Source "ChessBase"]
[SourceDate "2016.12.12"]
[SourceVersion "1"]
[SourceVersionDate "2016.12.12"]
[SourceQuality "1"]

1. d4 Nf6 2. c4 e6 3. g3 c5 4. d5 exd5 5. cxd5 d6 6. Nc3 g6 7. Bg2 Bg7 8. Nf3 0-0 9. 0-0 Qe7 10. Re1 Nbd7 11. h3 a6 12. e4 Ne8 13. Bg5 f6 14. Bd2 b5 15. a3 Bb7 16. b4 Rc8 17. Rb1 Nc7 18. h4 Rce8 19. Qc2 cxb4 20. Rxb4 Nb6 21. Bf1 Qf7 22. Be3 Nd7 23. Rbb1 f5 24. Ng5 Qf6 25. Ne2 Rc8 26. Bd4 Ne5 27. f4 Ne6 28. Qb3 Nxd4 29. Nxd4 Nc4 30. e5 dxe5 31. Nc6 Bxc6 32. fxe5 Qd8 33. dxc6 Rxc6 34. Bg2 Rc8 35. Rbd1 Qb6+ 36. Kh1 h6 37. Ne6 Rfe8 38. Nxg7 Kxg7 39. Rd7+ Kf8 40. Bd5 Re7 41. Qb4 Qc5 42. e6 Qxb4 43. axb4 Nb6 44. Bb7 Rb8 45. Red1 Rxb7 0-1

[Event "Aalborg Larsen Memorial"]
[Site "Aalborg"]
[Date "2016.10.18"]
[Round "4"]
[White "Pritchett, Craig William"]
[Black "Light, Bjarne"]
[Result "1/2-1/2"]
[WhiteElo "2335"]
[BlackElo "2197"]
[PlyCount "48"]
[EventDate "2016.10.15"]
[EventType "swiss"]
[EventRounds "7"]
[EventCountry "DEN"]
[SourceTitle "CBM 175 Extra"]
[Source "ChessBase"]
[SourceDate "2016.12.12"]
[SourceVersion "1"]
[SourceVersionDate "2016.12.12"]
[SourceQuality "1"]

1. Nf3 c5 2. e4 Nc6 3. Bb5 g6 4. Bxc6 bxc6 5. 0-0 Bg7 6. Re1 Nh6 7. c3 0-0 8. d4 cxd4 9. cxd4 d5 10. e5 f6 11. exf6 exf6 12. Nc3 Nf7 13. b3 Bg4 14. h3 Bxf3 15. Qxf3 f5 16. Ba3 Re8 17. Rxe8+ Qxe8 18. Qd3 Ng5 19. Bc5 Ne6 20. Re1 Qf7 21. Na4 Re8 22. Kf1 Qc7 23. Kg1 Kf7 24. Qd2 Nxc5 1/2-1/2